[Event "Novosibirsk AS-90 Seniors op"]
[Site "Novosibirsk"]
[Date "2010.11.17"]
[Round "5.11"]
[White "Shirokov, Vladimir"]
[Black "Kudrin, Yury"]
[Result "1-0"]
[WhiteElo "2103"]
[BlackElo "1805"]
[PlyCount "157"]
[EventDate "2010.11.05"]
[EventType "swiss"]
[EventRounds "9"]
[EventCountry "RUS"]
[SourceTitle "EXT 2022"]
[Source "ChessBase"]
[SourceDate "2021.10.06"]
[SourceVersion "1"]
[SourceVersionDate "2021.10.06"]
[SourceQuality "1"]

1. Nf3 Nf6 2. c4 c6 3. d4 b5 4. b3 e6 5. Bb2 Qb6 6. c5 Qc7 7. Nbd2 Bb7 8. Rc1 a5 9. Qc2 Na6 10. a3 Be7 11. g3 Rc8 12. Bg2 Ba8 13. 0-0 0-0 14. e4 Qb8 15. Qd3 Nc7 16. Ng5 h6 17. Nh3 Na6 18. f4 Bb7 19. Kh1 Nc7 20. Nf2 b4 21. a4 Ba6 22. Qf3 Bxf1 23. Bxf1 Nce8 24. Nc4 Qa7 25. Bd3 Nh7 26. e5 Ra8 27. Ne4 f5 28. Ned2 Nc7 29. Ne3 Nd5 30. Ndc4 Rf7 31. Nd6 Bxd6 32. cxd6 Nxe3 33. Qxe3 Rc8 34. Rc5 Qa8 35. Qe2 g6 36. Bc1 Kg7 37. g4 Rh8 38. Qg2 Kf8 39. g5 hxg5 40. fxg5 Qd8 41. Kg1 Kg7 42. Bf4 Nf8 43. Qg3 Kg8 44. Bf1 Rfh7 45. h3 Qb6 46. Kf2 Rh5 47. Ke3 Kg7 48. Rc2 Qd8 49. Rh2 Rh4 50. Be2 Qb6 51. Bc4 c5 52. d5 exd5 53. e6 d4+ 54. Kd2 Nxe6 55. Be5+ Kf7 56. Bxh8 Rxh8 57. Qe5 Qd8 58. h4 Rxh4 59. Rxh4 Qxg5+ 60. Rf4 Qg2+ 61. Qe2 Qg5 62. Qf2 Kf6 63. Bxe6 dxe6 64. Qh4 e5 65. Qxg5+ Kxg5 66. d7 Kxf4 67. d8Q g5 68. Qd6 g4 69. Qxc5 g3 70. Qd5 e4 71. Qxd4 Kf3 72. Qg1 f4 73. Ke1 Kg4 74. Ke2 Kf5 75. Qc5+ Kg4 76. Qc8+ Kh4 77. Qh8+ Kg4 78. Qg8+ Kf5 79. Qd5+ 1-0